NBA Top 5 at Every Position by Stats - Statistics

General Stats
  • This quiz has been taken 2,279 times
  • The average score is 16 of 25
Answer Stats
Hint Answer PPG RPG APG SPG BPG FG% % Correct
SF 3 LeBron James 31.4 8.6 10.2 2.2 1.1 .567
93%
SG 1 Michael Jordan 37.1 8.0 8.0 3.2 1.6 .539
92%
PG 5 Stephen Curry 30.1 5.4 8.5 2.1 0.4 .504
89%
SG 3 Jerry West 31.3 7.9 9.7 2.6 0.7 .514
88%
PG 3 Magic Johnson 23.9 9.6 13.1 3.4 0.7 .565
86%
C 1 Wilt Chamberlain 50.4 27.2 8.6 NA NA .727
86%
SG 4 Kobe Bryant 35.4 6.9 6.3 2.2 1.0 .469
83%
PG 2 Russell Westbrook 31.6 11.1 10.7 2.1 0.5 .472
80%
SG 2 James Harden 36.1 8.1 11.2 2.0 0.9 .491
77%
PG 1 Oscar Robertson 31.1 12.5 11.5 NA NA .518
77%
C 5 Hakeem Olajuwon 27.8 14.0 3.6 2.6 4.6 .538
70%
C 2 Kareem Abdul-Jabbar 34.8 16.9 5.4 1.7 4.1 .604
70%
SF 5 Larry Bird 29.9 11.0 7.6 2.0 1.2 .527
68%
SG 5 Allen Iverson 33.0 4.9 7.9 2.8 0.3 .461
60%
PF 2 Karl Malone 31.0 12.0 4.7 1.9 1.5 .562
60%
C 4 David Robinson 29.8 13.0 4.8 2.3 4.5 .552
55%
PF 5 Kevin Garnett 24.2 13.9 6.0 1.7 2.2 .539
55%
SF 1 Elgin Baylor 38.3 19.8 5.4 NA NA .486
54%
SF 2 Julius Erving 31.9 15.7 5.5 2.5 2.4 .546
45%
PF 4 Charles Barkley 28.3 14.6 5.1 2.2 1.6 .549
43%
PF 1 Bob Pettit 31.1 20.3 3.7 NA NA .463
41%
PF 3 Elvin Hayes 28.7 18.1 3.3 1.9 3.0 .501
28%
SF 4 Rick Barry 35.6 10.6 6.3 2.9 0.7 .511
26%
C 3 Bob McAdoo 34.5 15.1 4.0 1.3 3.3 .547
25%
PG 4 Nate Archibald 34.0 3.0 11.4 1.7 0.3 .499
19%
No matching quizzes found
Score Distribution
Percent of People with Each Score
Percentile by Number Answered
Your Score History
You have not taken this quiz